000 00437ntaaa2200181 4500
003 01
005 20251027201255.0
008 0714s1973 ag 01
040 _aAR-BaBN
_bspa
_cAR-BaBN
_eaacr
_dRIC
082 _a221.0000 G579
100 _aGodet, F.
_910909
245 _aStudies on the Old Testament
250 _a1 ed.
260 _as.l.,
_c1888
650 _aBiblia-Estudio
_95287
650 _aBiblia-Antiguo Testamento
942 _cBK
999 _c7125
_d7125